|
书名:
|
旅游企业财务管理
|
|
|
作者:
|
何惠
主编
|
|
出版信息:
|
郑州
郑州大学出版社
2002.08
|
|
开本页数:
|
26cm 
267页
|
|
丛书名:
|
|
|
单 册:
|
|
|
中图分类:
|
F59
|
|
科图分类:
|
|
|
主题词:
|
旅游经济
|
|
电子资源:
|
|
|
ISBN:
|
7-81048-648-9
|
|
000
|
00506nam0 2200181 450
|
|
001
|
0669512984
|
|
005
|
20060325132433.67
|
|
010
|
|
@a7-81048-648-9@dCNY24.00
|
|
100
|
|
@a20060302d2002 km y0chiy0120 ea
|
|
101
|
0
|
@achi
|
|
200
|
1
|
@a旅游企业财务管理@Alu you qi ye cai wu guan li@f何惠主编@Fhe hui zhu bian
|
|
210
|
|
@a郑州@c郑州大学出版社@d2002.08
|
|
215
|
|
@a267页@d26cm
|
|
606
|
0
|
@a旅游经济
|
|
690
|
|
@aF59@v3
|
|
701
|
0
|
@a何惠@Ahe hui@4主编
|
|
801
|
0
|
@aCN@bNISOFT@c20060325
|
|
905
|
|
@a10447@dF59@e35
|
|
|
|
|
| |
| 旅游企业财务管理/何惠主编.-郑州:郑州大学出版社,2002.08 |
| 267页;26cm |
| |
| |
| ISBN 7-81048-648-9:CNY24.00 |
| |
| ● |
正题名:旅游企业财务管理
索取号:F59/35
 
预约/预借
| 序号
|
登录号
|
条形码
|
馆藏地/架位号
|
状态
|
备注
|
|
1
|
135339
|
201353392
|
柳城密-1楼/10架11列4层/
[索取号:F59/35]
|
在馆
|
|
|
2
|
81037
|
200810373
|
柳城密-1楼/10架11列4层/
[索取号:F59/35]
|
在馆
|
|
|
3
|
81038
|
200810382
|
柳城密-1楼/10架11列4层/
[索取号:F59/35]
|
在馆
|
|
|
4
|
81039
|
200810391
|
柳城密-1楼/10架11列4层/
[索取号:F59/35]
|
在馆
|
|
|
5
|
81040
|
200810408
|
柳城密-1楼/10架11列4层/
[索取号:F59/35]
|
在馆
|
|